Districts of Mid Glamorgan - Statistics

General Stats
  • This quiz has been taken 7 times
  • The average score is 4 of 5
Answer Stats
Name % Correct
Rhondda
100%
Ogwr
83%
Cynon Valley
67%
Taff Ely
67%
Rhymney Valley
33%
No matching quizzes found
Score Distribution
Percent of People with Each Score
Percentile by Number Answered
Your Score History
You have not taken this quiz